00544nai a2200157Ia 4500003000900000008004100009022002300050022002200073040001600095245004900111260003400160310001200194362002600206521006900232856008500301IN-BaIIA211028c9999 xx s 000 0 eng d a2053-2296 (Online) a2053-2296 (Print) cIIA Library 0aActa Crystallographica Section Ch[eJournal] aNew JerseybJohn Wiley & Sons aMonthly a53(1); 1997 - Present bSubscribed through National Knowledge Resource Consortium (NKRC) uhttps://onlinelibrary.wiley.com/journal/s20532296yClick Here to Access eJournal